000 00561nam a2200181Ia 4500
008 100921s9999 xx 000 0 und d
082 _b975
_a891.463 थ 71
100 _aजोशी मृणालिनी.
245 _aमुक्ताई.
260 _bकेसरी प्रकाशन,पुणे.
_c1971
300 _a228
_b---
365 _b10
520 _aललित-कादंबरी.
630 _aमुक्ताई.
650 _aललित-कादंबरी.
730 _aमुक्ताई.
942 _cBOOK
999 _c750088
_d750085